000 01181cab a22002175a 4500
001 L140661
008 071003e20070929xxk f 000 0 eng d
035 _a(Sirsi) u140661
041 0 _aeng
100 1 _aMarlow, Charlie
245 0 2 _aA fairer deal all round
260 _c2007
490 _aEstates Gazette
_v(0739) 29 September 2007, 150-151(2)
520 _aMainly for Students article explains the history of legislation relating to interim rents and recent changes. New statutory provisions came into effect in 2004, resulting in fewer opportunities for tactical dealings by landlords. Describes different options for applying for an interim rent during the lease renewal process. The state of the market is a factor in determining the interim rent. In cases where landlords have not met their obligations, courts have ordered a reduction in rent. Case law.
590 _aKA
650 2 4 _aLANDLORD AND TENANT ACT 1954
650 2 4 _aREGULATORY REFORM (BUSINESS TENANCIES) (ENGLAND AND WALES) ORDER 2003
651 4 _aUnited Kingdom
_y
690 _aPROPERTY-COMMERCIAL PROPERTY-COMMERCIAL LANDLORD AND TENANT-COMMERCIAL LEASES-COMMERCIAL LEASE RENEWAL
942 _n0
999 _c79316
_d79316